The gentle civilizer of nations : (Record no. 5150)

MARC details
000 -LEADER
fixed length control field 01168nac a22002291u 4500
010 ## - LIBRARY OF CONGRESS CONTROL NUMBER
LC control number 2001035099
020 ## - INTERNATIONAL STANDARD BOOK NUMBER
International Standard Book Number 0521623111 (hardback)
082 00 - DEWEY DECIMAL CLASSIFICATION NUMBER
Classification number 341.09
Item number K863
090 ## - LOCALLY ASSIGNED LC-TYPE CALL NUMBER (OCLC); LOCAL CALL NUMBER (OCLC)
-- 5150
-- 5150
100 ## - MAIN ENTRY--PERSONAL NAME
Personal name Koskenniemi, Martti.
245 14 - TITLE STATEMENT
Title The gentle civilizer of nations :
Remainder of title the rise and fall of international law, 1870-1960 /
Statement of responsibility, etc Martti Koskenniemi.
260 ## - PUBLICATION, DISTRIBUTION, ETC. (IMPRINT)
Place of publication, distribution, etc Cambridge, UK ;
-- New York :
Name of publisher, distributor, etc Cambridge University Press,2002
Date of publication, distribution, etc 2002.
300 ## - PHYSICAL DESCRIPTION
Extent xiv, 569 p. ;
Dimensions 24 cm.
504 ## - BIBLIOGRAPHY, ETC. NOTE
Bibliography, etc Includes bibliographical references (p. 518-558) and index.
650 #0 - SUBJECT ADDED ENTRY--TOPICAL TERM
Topical term or geographic name as entry element International law
General subdivision History.
856 41 - ELECTRONIC LOCATION AND ACCESS
Materials specified Sample text
Uniform Resource Identifier <a href="http://www.loc.gov/catdir/samples/cam031/2001035099.html">http://www.loc.gov/catdir/samples/cam031/2001035099.html</a>
856 41 - ELECTRONIC LOCATION AND ACCESS
Materials specified Publisher description
Uniform Resource Identifier <a href="http://www.loc.gov/catdir/description/cam021/2001035099.html">http://www.loc.gov/catdir/description/cam021/2001035099.html</a>
856 41 - ELECTRONIC LOCATION AND ACCESS
Materials specified Table of contents
Uniform Resource Identifier <a href="http://www.loc.gov/catdir/toc/cam022/2001035099.html">http://www.loc.gov/catdir/toc/cam022/2001035099.html</a>
856 41 - ELECTRONIC LOCATION AND ACCESS
Materials specified Contributor biographical information
Uniform Resource Identifier <a href="http://www.loc.gov/catdir/enhancements/fy0731/2001035099-b.html">http://www.loc.gov/catdir/enhancements/fy0731/2001035099-b.html</a>
942 ## - ADDED ENTRY ELEMENTS (KOHA)
Item type Book - Borrowing
Call number prefix 341.09K863
Holdings
Withdrawn status Item status Damaged status Not for loan Home library Current library Shelving location Date acquired Source of acquisition Total Checkouts Total Renewals Full call number Barcode Date last seen Date last borrowed Koha item type
        Central Library Central Library First floor 18/10/2007 Purchase 11 14 341.09 KOS 000006157 15/07/2025 03/02/2019 Book - Borrowing